Mlada (1872) : scenes from a collaborative opera-ballet /

Bibliographic Details
Main Authors: Cui, César, 1835-1918 (Composer), Mussorgsky, Modest Petrovich, 1839-1881 (Composer), Rimsky-Korsakov, Nikolay, 1844-1908 (Composer), Borodin, Aleksandr Porfirʹevich, 1833-1887 (Composer), Minkus, L., 1826-1917 (Composer)
Other Authors: Gaub, Albrecht, 1967- (Editor), Gedeonov, S. (Stepan), 1815-1878 (Librettist), Krylov, V. (Viktor), 1838-1906 (Librettist)
Format: Musical Score Book
Language:Russian
Language Notes:Russian words with parallel romanization; text also printed separately with English translation;
Published: Middleton, Wisconsin : A-R Editions, Inc., [2016]
Series:Recent researches in the music of the nineteenth and early twentieth centuries ; v. 67.
Subjects:

MARC

Tag First Indicator Second Indicator Subfields
LEADER 00000ccm a2200000 i 4500
001 in00003859613
005 20210930123005.0
008 160927t20162016wiumul bdi n rus c
020 |a 9780895798299 
020 |a 0895798298 
029 1 |a CHVBK  |b 369278909 
029 1 |a CHBIS  |b 010733457 
029 1 |a AU@  |b 000058925707 
029 1 |a CHVBK  |b 375143181 
029 1 |a CHDSB  |b 006646458 
035 |a (OCoLC)ocn959287398 
035 |a (OCoLC)959287398 
040 |a VJA  |b eng  |e rda  |c VJA  |d UMC  |d GZN  |d OCLCA  |d GZN  |d FMZ  |d TXH  |d TDF  |d OCLCF  |d CLE  |d IAC  |d OHX  |d IQU  |d CUY  |d NDD  |d OCL  |d TFW  |d TXA  |d UtOrBLW 
041 0 |a rus  |e rus  |e eng  |n rus  |g eng 
042 |a pcc 
047 |a op  |a bt 
049 |a TXAM 
050 4 |a M2  |b .R23834 v.67 
082 1 4 |a 780.9034  |b R295n, v.67 
100 1 |a Cui, César,  |d 1835-1918,  |e composer.  |0 http://id.loc.gov/authorities/names/nr99003137 
240 1 0 |a Mlada 
245 1 0 |a Mlada (1872) :  |b scenes from a collaborative opera-ballet /  |c by César Cui, Modest Musorgskii, Nikolai Rimskii-Korsakov, and Aleksandr Borodin ; edited by Albrecht Gaub. 
264 1 |a Middleton, Wisconsin :  |b A-R Editions, Inc.,  |c [2016] 
264 4 |c ©2016 
300 |a 1 score (xlviii, 482 pages, 12 pages of plates) :  |b facsimiles ;  |c 31 cm 
336 |a notated music  |b ntm  |2 rdacontent 
337 |a unmediated  |b n  |2 rdamedia 
338 |a volume  |b nc  |2 rdacarrier 
490 1 |a Recent researches in the music of the nineteenth and early twentieth centuries,  |x 0193-5364 ;  |v 67 
546 |a Russian words with parallel romanization; text also printed separately with English translation;  |b staff notation. 
500 |a Libretto by S. Gedeonov and V. Krylov. 
500 |a Additional ballet music by L. Minkus. 
500 |a Includes introduction and critical commentary. 
504 |a Includes bibliographical references. 
505 0 |a Abbreviations and sigla -- Preface -- Introduction -- Text and translation -- Plates -- Act 1 -- Act 2 -- Act 3 -- Act 4 -- Critical report -- Appendix 1: excerpts from selected writings -- Appendix 2: Song of Lumír and supplemental libretto sources -- Appendix 3: orchestrated Version of act 4, no. 2 -- Appendix 4: piano reduction of act 4, no. 2 -- Appendix 5: facsimile of act 3, no. 5 -- Appendix 6: arrangements from Minkus's Ballet Mlada (1879) by Herman Reinbold. 
650 0 |a Operas  |v Scores.  |0 http://id.loc.gov/authorities/subjects/sh85094949 
650 0 |a Ballets  |v Scores.  |0 http://id.loc.gov/authorities/subjects/sh85011299 
650 7 |a Ballets  |x Scores.  |2 fast  |0 (OCoLC)fst00826075 
650 7 |a Operas  |x Scores.  |2 fast  |0 (OCoLC)fst01046228 
655 7 |a Operas.  |2 lcgft  |0 http://id.loc.gov/authorities/genreForms/gf2014026976 
655 7 |a Ballets (Music)  |2 lcgft  |0 http://id.loc.gov/authorities/genreForms/gf2014026650 
655 7 |a Ballets (Music)  |2 fast  |0 (OCoLC)fst01920016 
655 7 |a Operas.  |2 fast  |0 (OCoLC)fst01726688 
700 1 |a Mussorgsky, Modest Petrovich,  |d 1839-1881,  |e composer.  |0 http://id.loc.gov/authorities/names/n79127149 
700 1 |a Rimsky-Korsakov, Nikolay,  |d 1844-1908,  |e composer.  |0 http://id.loc.gov/authorities/names/n79107991 
700 1 |a Borodin, Aleksandr Porfirʹevich,  |d 1833-1887,  |e composer.  |0 http://id.loc.gov/authorities/names/n80128710 
700 1 |a Gaub, Albrecht,  |d 1967-  |e editor.  |0 http://id.loc.gov/authorities/names/nr95032806 
700 1 |a Minkus, L.,  |d 1826-1917,  |e composer.  |0 http://id.loc.gov/authorities/names/n88634811 
700 1 |a Gedeonov, S.  |q (Stepan),  |d 1815-1878,  |e librettist.  |0 http://id.loc.gov/authorities/names/n97865822 
700 1 |a Krylov, V.  |q (Viktor),  |d 1838-1906,  |e librettist.  |0 http://id.loc.gov/authorities/names/n88062809 
830 0 |a Recent researches in the music of the nineteenth and early twentieth centuries ;  |v v. 67.  |0 http://id.loc.gov/authorities/names/n83745407 
938 |a Otto Harrassowitz  |b HARR  |n har165022418 
938 |a Theodore Front Musical Literature  |b TFRT  |n TF417164 
994 |a C0  |b TXA 
948 |a cataloged  |b h  |c 2017/3/8  |d c  |e blrosas  |f 9:26:32 am 
999 f f |s b88fe3a9-deca-33dc-922b-2c24b9253631  |i c0643e89-ebea-36b3-8ed7-adecba846780  |t 0 
952 f f |p normal  |a Texas A&M University  |b College Station  |c Sterling C. Evans Library  |d Evans: Library Stacks  |t 0  |e M2 .R23834 v.67  |h Library of Congress classification  |i unmediated -- volume  |m A14813733871 
998 f f |a M2 .R23834 v.67  |t 0  |l Evans: Library Stacks